Biblioteca

Teaching for spiritual growth (Registro nro. 66081)

Detalles MARC
000 -LÍDER
Campo fijo de descripción fija 01544cam a2200325 i 4500
001 - NÚMERO DE CONTROL
Campo de control 768714001
003 - IDENTIFICADOR DEL NÚMERO DE CONTROL
Campo de control CO-MdFUSB
005 - FECHA Y HORA DE LA ULTIMA TRANSACCIÓN
control field 20210514122129.0
007 - CAMPO FIJO DE DESCRIPCIÓN FIJA--INFORMACIÓN GENERAL
Campo fijo de descripción fija ta
008 - ELEMENTOS DE LONGITUD FIJA -- INFORMACIÓN GENERAL
Campo fijo de descripción fija -- Información general 931004t1994 miu b 001 0 eng
020 ## - NÚMERO INTERNACIONAL NORMALIZADO PARA LIBROS
Número Internacional Normalizado del libro 0310593700
040 ## - FUENTE DE CATALOGACIÓN
Agencia de catalogación original DLC
Agencia que realiza la transcripción CO-MdFUSB
Agencia que realiza la modificación DLC
-- CO-MdFUSB
Idioma de catalogación spa
Convenciones de la descripción rda
041 ## - CÓDIGO DE IDIOMA
Código de idioma para texto/pista de sonido o título separado eng
082 00 - NÚMERO DE CLASIFICACIÓN DECIMAL DEWEY
Número de la edición del Dewey 23
Número de clasificación 268.01
Clave de autor-Numero de item D751
100 1# - ASIENTO PRINCIPAL--NOMBRE PERSONAL
Nombre personal Downs, Perry G.
Término relacionador autor
245 10 - TÍTULO
Título del Material Teaching for spiritual growth
Mención de responsabilidad, etc. / Perry G. Downs.
264 #1 - PRODUCCIÓN, PUBLICACIÓN, DISTRIBUCIÓN, MANUFACTURA, Y COPYRIGHT
Lugar de producción, publicación, distribución, manufactura Grand Rapids, Mich. :
Nombre del productor, publicador, distribuidor Zondervan Publishing House,
Fecha de producción, publicación, distribución, manufactura, o copyright [1994]
264 #4 - PRODUCCIÓN, PUBLICACIÓN, DISTRIBUCIÓN, MANUFACTURA, Y COPYRIGHT
Fecha de producción, publicación, distribución, manufactura, o copyright © 1994
300 ## - DESCRIPCIÓN FÍSICA
Extensión 224 páginas ;
Dimensiones 25 cm.
336 ## - TIPO DE CONTENIDO
Fuente rdacontent
Término de tipo de contenido texto
Código de tipo de contenido txt
337 ## - TIPO DE MEDIO
Fuente rdamedia
Nombre del tipo de medio sin mediación
Código del tipo de medio n
338 ## - TIPO DE SOPORTE
Fuente rdacarrier
Nombre del tipo de soporte volumen
Código Tipo de soporte nc
504 ## - NOTA DE BIBLIOGRAFÍA, ETC.
Nota de bibliografía, etc Incluye referencias bibliográficas e índices.
505 ## - NOTA DE CONTENIDO
Nota de contenido con formato preestablecido Enseñanza en perspectiva bíblica. -- Preguntas fundamentales. -- Enseñanza en perspectiva bíblica. -- Modelar nuestra enseñanza después de Jesús. -- Comprender a Dios, comprender a las personas. -- La renovación de la mente. -- Crecimiento - Desarrollo. -- cognitivo. -- Desarrollo moral. -- Desarrollo de la fe. -- Aprendizaje y crecimiento espiritual. -- Aprendizaje y crecimiento espiritual. -- Aprendizaje e influencias de la primera infancia. -- Aprendizaje por interacción y observación. -- Aprendizaje por desarrollo lógico. -- Aprendizaje por experiencia. -- Enseñanza para el crecimiento espiritual.
563 ## - NOTA DE ENCUADERNACIÓN
Nota de encuadernación Rústico
650 #7 - ASIENTO SECUNDARIO DE MATERIA - TERMINO TEMÁTICO
Término temático o nombre geográfico como elemento de entrada Educación cristiana
9 (RLIN) 349
942 ## - TIPO DE MATERIAL (KOHA)
Tipo de Item KOHA Libros General
945 ## - INFORMACIÓN LOCAL DEL REGISTRO
Catalogador JTF-925
Existencias
Estado de Material Estado de Perdido Forma de Clasificación Estado de Dañado No para Préstamo Colección Biblioteca de Origen Biblioteca Permanente Fecha de Adquisición Forma de Adquisición Área Total de Préstamos Signatura Topográfica Código de Barras Última vez visto Ejemplar/Existencia Fecha de Remplazo Tipo de Material
    Dewey Decimal Classification     Colección General Biblioteca FUSBC Biblioteca FUSBC 10/06/2020 Donación Karakey EDUCACIÓN CRISTIANA   G 268.01 D751t 9509 10/06/2020 Ej.1 10/06/2020 Libros General

Biblioteca FUSBC | Teléfono: (57+4) 349 88 10 Ext. 141| WhatsApp (+57) 3005338115 
E-mail: biblioteca@unisbc.edu.co | Calle 76 87-14 Robledo Palenque, Medellín, Colombia

Con tecnología Koha